Un modèle finlandais ? Administrer et coordonner les diplomaties publiques et culturelles, 1944-1975 (notice n° 1656257)

détails MARC
000 -LEADER
fixed length control field 02284cam a2200169 4500500
005 - DATE AND TIME OF LATEST TRANSACTION
control field 20260208010354.0
041 ## - LANGUAGE CODE
Language code of text/sound track or separate title fre
042 ## - AUTHENTICATION CODE
Authentication code dc
100 10 - MAIN ENTRY--PERSONAL NAME
Personal name Clerc, Louis
Relator term author
245 00 - TITLE STATEMENT
Title Un modèle finlandais ? Administrer et coordonner les diplomaties publiques et culturelles, 1944-1975
260 ## - PUBLICATION, DISTRIBUTION, ETC.
Date of publication, distribution, etc. 2017.<br/>
500 ## - GENERAL NOTE
General note 17
520 ## - SUMMARY, ETC.
Summary, etc. L’image des petits États à l’étranger est une donnée géopolitique, commerciale et identitaire essentielle, qui appelle de leur part un travail de communication mené avec des ressources et dans des buts bien définis. Par souci d’utilisation efficace de leurs ressources ou par suivisme à l’égard de paradigmes transnationaux, ces petits États peuvent être tentés d’adopter certains modèles étrangers. Comment s’opère alors la relation entre modèles extérieurs et réalités internes ? Cet article considère la question à travers l’exemple de la Finlande durant la Guerre froide. Nous verrons que, si les inspirations extérieures sont évidentes, le contexte national finlandais résiste à l’adoption de modèles organisationnels extérieurs.
520 ## - SUMMARY, ETC.
Summary, etc. A Finnish Model? Managing and Coordinating Public and Cultural Diplomacies, 1944-1980 In terms of their geopolitical, commercial and national identities, their image abroad is a key element in the definition of small States’ international relations. It calls for a certain kind of communication work, using limited resources and defining specific goals. In order to make more efficient use of their own resources or to follow transnational paradigms, small States might be tempted to adopt foreign models of organization for their public and cultural diplomacies. In that case, what kind of relations can we observe between foreign models and local realities? This article will consider the example of Finland during the Cold War in order to approach this issue. We will observe that, despite the influence of foreign inspirations, national and local contexts often resist the wholesale adoption of foreign organizational models.
786 0# - DATA SOURCE ENTRY
Note Relations internationales | 169 | 1 | 2017-06-19 | p. 87-100 | 0335-2013
856 41 - ELECTRONIC LOCATION AND ACCESS
Uniform Resource Identifier <a href="https://shs.cairn.info/revue-relations-internationales-2017-1-page-87?lang=fr&redirect-ssocas=7080">https://shs.cairn.info/revue-relations-internationales-2017-1-page-87?lang=fr&redirect-ssocas=7080</a>

Pas d'exemplaire disponible.

PLUDOC

PLUDOC est la plateforme unique et centralisée de gestion des bibliothèques physiques et numériques de Guinée administré par le CEDUST. Elle est la plus grande base de données de ressources documentaires pour les Étudiants, Enseignants chercheurs et Chercheurs de Guinée.

Adresse

627 919 101/664 919 101

25 boulevard du commerce
Kaloum, Conakry, Guinée

Réseaux sociaux

Powered by Netsen Group @ 2025